000 00584cam a22001457a 4500
008 180718b1967 xxu||||| |||| 00| 0 eng d
082 _aT206x54 In2f
100 _aIndia. Committee on Foreign Collaboration
245 _aReport of the Committee on Foreign Collaboration
_cby Department of Industrial Development, Ministry of Industry
260 _aDelhi
_bThe Ministry of Publications
_c1967
300 _a20+p.
500 _aChairman: A. Ramaswamy Mudaliar
700 _aIndia. Ministry of Industry. Department of Industrial Development
700 _aMudaliar, M. Ramaswami (Chairman)
999 _c489675
_d489675